01316nam a2200253Ia 4500008004100000020001800041050002500059100002100084245004600105250001000151260003500161300002500196500016000221650001800381700003000399700004200429942001200471952011400483952010200597952011400699952011400813952011800927999001701045120626s9999 xx 000 0 und d a968-880-433-904aQA276.12 F72718 19941 aFREUND, John E.10aEstadística elemental cJohn E. Freund. a8a Ed aMéxico bPearson Educación axvii , 566 páginas aContiene: Índice de contenido general Prefacio Introducción Respuestas a ejercicios nones Índice analítico Traducción de: Modern elementary17aESTADÍSTICA1 aSIMÓN, Gary A., coaut. 1 aDÍAZ DÍAZ, José Julián, trad. 2ddccLB 00104070a07b07d2010-12-20l1oQA276.12 F72718 1994p07 001634r2014-05-21s2014-05-21t1w2012-06-26yLB 00104070a07b07d2010-12-20l0oQA276.12 F72718 1994p07 001635r2012-06-26t2w2012-06-26yLB 00104070a07b07d2010-12-20l1oQA276.12 F72718 1994p07 001636r2019-05-27s2019-05-27t3w2012-06-26yLB 00104070a07b07d2011-07-30l2oQA276.12 F72718 1994p07 001982r2014-05-21s2014-05-21t4w2012-06-26yLB 00104070a07b07d2011-07-30l10m1oQA276.12 F72718 1994p07 001984r2024-06-14s2024-06-11t5w2012-06-26yLB c66271d66271